លេងពួន / (Record no. 4642)
[ view plain ]
| 000 -LEADER | |
|---|---|
| fixed length control field | 01109nam a22002897a 4500 |
| 001 - CONTROL NUMBER | |
| control field | 4642 |
| 003 - CONTROL NUMBER IDENTIFIER | |
| control field | FISKH |
| 005 - DATE AND TIME OF LATEST TRANSACTION | |
| control field | 20250506162753.0 |
| 008 - FIXED-LENGTH DATA ELEMENTS--GENERAL INFORMATION | |
| fixed length control field | 240918b cb ||||| |||| 00| 0 eng d |
| 040 ## - CATALOGING SOURCE | |
| Original cataloging agency | FISKH |
| Language of cataloging | Khmer |
| Transcribing agency | FISKH |
| Modifying agency | FISKH |
| 050 ## - LIBRARY OF CONGRESS CALL NUMBER | |
| Classification number | PZ7 |
| 082 ## - DEWEY DECIMAL CLASSIFICATION NUMBER | |
| Classification number | 800 |
| 100 ## - MAIN ENTRY--PERSONAL NAME | |
| Personal name | Reaksmey, Am |
| Relator term | author |
| 245 ## - TITLE STATEMENT | |
| Title | លេងពួន / |
| Statement of responsibility, etc. | by Reaksmey Am |
| 250 ## - EDITION STATEMENT | |
| Edition statement | បោះពុម្ពលើកទី១ខែកក្កដា ឆ្នាំ២០០៧ |
| 260 ## - PUBLICATION, DISTRIBUTION, ETC. | |
| Place of publication, distribution, etc. | ភ្នំពេញ : |
| Name of publisher, distributor, etc. | កិច្ចសហប្រតិបត្តិការអភិវឌ្ឍន៍ប៊ែលហ្ស៊ិក ; |
| Date of publication, distribution, etc. | ២០០៧ . |
| 300 ## - PHYSICAL DESCRIPTION | |
| Extent | 8 pages : |
| Other physical details | color illustrations ; |
| Dimensions | 25 cm . |
| 505 ## - FORMATTED CONTENTS NOTE | |
| Formatted contents note | C <br/> |
| 520 ## - SUMMARY, ETC. | |
| Summary, etc. | ក្មេងៗនៅជនបទលេងបិទពួន ។ |
| 520 ## - SUMMARY, ETC. | |
| Summary, etc. | The rural children play hide and seek . |
| 521 8# - TARGET AUDIENCE NOTE | |
| Target audience note | 100 <br/> |
| Source | Lexile estimate <br/> |
| 521 8# - TARGET AUDIENCE NOTE | |
| Target audience note | C <br/> |
| Source | RAz-Plus <br/> |
| 650 ## - SUBJECT ADDED ENTRY--TOPICAL TERM | |
| Topical term or geographic name entry element | នៅទីនេះ |
| Form subdivision | រឿងនិទានកុមារ |
| 650 ## - SUBJECT ADDED ENTRY--TOPICAL TERM | |
| Topical term or geographic name entry element | here |
| Form subdivision | children's stories |
| 942 ## - ADDED ENTRY ELEMENTS (KOHA) | |
| Source of classification or shelving scheme | Dewey Decimal Classification |
| Koha item type | Khmer Books |
| Suppress in OPAC | No |
| Withdrawn status | Lost status | Source of classification or shelving scheme | Damaged status | Not for loan | Collection | Home library | Current library | Shelving location | Date acquired | Total Checkouts | Full call number | Barcode | Date last seen | Date last checked out | Copy number | Price effective from | Koha item type |
|---|---|---|---|---|---|---|---|---|---|---|---|---|---|---|---|---|---|
| Dewey Decimal Classification | Khmer Language Books / សៀវភៅភាសាខ្មែរ | Footprints International School Library Network Toul Tom Poung Campus | Footprints International School Library Network Toul Tom Poung Campus | TTP Primary Khmer Bookshelves | 09/18/2024 | 1 | REA PZ7 800 | FIS20201 | 03/11/2026 | 03/11/2026 | 1 | 09/18/2024 | Khmer Books | ||||
| Dewey Decimal Classification | Khmer Language Books / សៀវភៅភាសាខ្មែរ | Footprints International School Library Network Toul Tom Poung Campus | Footprints International School Library Network Toul Tom Poung Campus | TTP Primary Khmer Bookshelves | 04/22/2026 | REA PZ7 800 | FISBK03361 | 04/22/2026 | 2 | 04/22/2026 | Khmer Books | ||||||
| Dewey Decimal Classification | Khmer Language Books / សៀវភៅភាសាខ្មែរ | Footprints International School Library Network Toul Tom Poung Campus | Footprints International School Library Network Toul Tom Poung Campus | TTP Primary Khmer Bookshelves | 04/22/2026 | REA PZ7 800 | FISBK03370 | 04/22/2026 | 2 | 04/22/2026 | Khmer Books |
